Astrophysics from the moon (Record no. 10870)

MARC details
000 -LEADER
fixed length control field 00869nam a2200229Ia 4500
003 - CONTROL NUMBER IDENTIFIER
control field IN-BaIIA
008 - FIXED-LENGTH DATA ELEMENTS--GENERAL INFORMATION
fixed length control field 211028s9999 xx 000 0 eng d
020 ## - INTERNATIONAL STANDARD BOOK NUMBER
International Standard Book Number 0-88318-770-1
040 ## - CATALOGING SOURCE
Transcribing agency IIA Library
080 ## - UNIVERSAL DECIMAL CLASSIFICATION NUMBER
Universal Decimal Classification number 523.34(082.2)
Item number AST
111 ## - MAIN ENTRY--MEETING NAME
Meeting name or jurisdiction name as entry element American Institute of Physics Conference Proceedings
Location of meeting Maryland
Date of meeting or treaty signing 1990
9 (RLIN) 18599
245 #0 - TITLE STATEMENT
Title Astrophysics from the moon
Remainder of title AIP conference proceedings held in Annapolis, Maryland, 1990
Statement of responsibility, etc. edited by Michael J. Mumma and Harlan J. Smith
260 ## - PUBLICATION, DISTRIBUTION, ETC.
Place of publication, distribution, etc. New York,
Name of publisher, distributor, etc. American Institute of Physics
Date of publication, distribution, etc. 1990
300 ## - PHYSICAL DESCRIPTION
Extent xxxi, 656p.
490 ## - SERIES STATEMENT
Series statement AIP conference proceedings; v. 207
650 ## - SUBJECT ADDED ENTRY--TOPICAL TERM
Topical term or geographic name entry element Astronomy and Astrophysics Thesaurus
650 ## - SUBJECT ADDED ENTRY--TOPICAL TERM
Topical term or geographic name entry element Astrophysics
9 (RLIN) 794
650 ## - SUBJECT ADDED ENTRY--TOPICAL TERM
Topical term or geographic name entry element Moon
700 ## - ADDED ENTRY--PERSONAL NAME
Personal name Mumma, Michael J., ed.
9 (RLIN) 18600
700 ## - ADDED ENTRY--PERSONAL NAME
Personal name Smith, Harlan J., ed.
9 (RLIN) 6682
942 ## - ADDED ENTRY ELEMENTS (KOHA)
Koha item type Books
Holdings
Withdrawn status Lost status Damaged status Not for loan Home library Current library Shelving location Date acquired Total Checkouts Full call number Barcode Date last seen Price effective from Koha item type
        IIA Library-Bangalore IIA Library-Bangalore General Stacks 10/02/1994   523.34(082.2)/ AST 11782 05/11/2021 10/02/1994 Books

Powered by Koha